Geografie cestovního ruchu
Salvato in:
| Autore principale: | |
|---|---|
| Natura: | Libro |
| Lingua: | ceco |
| Pubblicazione: |
Praha
IDEA SERVIS
2013
|
| Edizione: | 6. aktualizované a doplněné vydání |
| Soggetti: | |
| Tags: |
Nessun Tag, puoi essere il primo ad aggiungerne!!
|
MARC
| LEADER | 00000nam a2200000 4500 | ||
|---|---|---|---|
| 001 | 0273861 | ||
| 005 | 20240226134111.1 | ||
| 020 | |a 978-80-85970-79-1 | ||
| 041 | 0 | |a cze | |
| 044 | |a CZ | ||
| 245 | 1 | 0 | |a Geografie cestovního ruchu |c Václav Hrala |
| 250 | |a 6. aktualizované a doplněné vydání | ||
| 264 | 1 | |a Praha |b IDEA SERVIS |c 2013 | |
| 300 | |a 197 s. | ||
| 610 | 2 | 0 | |a ruch cestovný |
| 610 | 2 | 0 | |a geografia |
| 610 | 2 | 0 | |a regióny |
| 610 | 2 | 0 | |a podmienky prírodné |
| 610 | 2 | 0 | |a spoločnosť |
| 610 | 2 | 0 | |a transformácia |
| 610 | 2 | 0 | |a turistika |
| 610 | 2 | 0 | |a kúpele |
| 610 | 2 | 0 | |a svet |
| 610 | 2 | 0 | |a Česko |
| 100 | 1 | |a Hrala, Václav | |